000 00488nam a2200145Ia 4500
008 210716s2011 xx 000 0 und d
020 _a9789350234310
041 _aeng
082 _a005.304 FOWC
100 _aFowler, Chad.
245 _aPassionate programmer: creating a remarkable career in software development.
_bCreating a remarkable career in software development.
250 _a1
260 _aNew Delhi
_bShroff Publishers and Distributors Pvt Ltd
_c2011
300 _axxiii;198
999 _c192572
_d192572